Trí tuệ Trang Tử. t.I /
Saved in:
| Main Author: | |
|---|---|
| Format: | Book (Paper) |
| Language: | Vietnamese |
| Published: |
H. :
Đại học Quốc gia,
2008.
|
| Subjects: | |
| Tags: |
Add Tag
No Tags, Be the first to tag this record!
|
| Institutions: | Thư viện Trường Đại học Đà Lạt |
|---|
| LEADER | 00782nam a2200325 4500 | ||
|---|---|---|---|
| 001 | DLU090064563 | ||
| 005 | ##20090102 | ||
| 040 | # | # | |a DLU |b vie |
| 041 | # | # | |a vie |
| 044 | # | # | |a vn |
| 082 | # | # | |a 181.11 |b DO-T |
| 100 | # | # | |a Đỗ Anh Thơ. |
| 245 | # | # | |a Trí tuệ Trang Tử. |n t.I / |c Đỗ Anh Thơ. |
| 260 | # | # | |a H. : |b Đại học Quốc gia, |c 2008. |
| 300 | # | # | |a 226 tr. ; |c 21 cm. |
| 504 | # | # | |a Tài liệu tham khảo: tr.222. |
| 653 | # | # | |a Triết học cổ đại |
| 653 | # | # | |a Triết học Trung Quốc |
| 923 | # | # | |a 20/2008 |
| 990 | # | # | |a t.I |
| 991 | # | # | |a GT |
| 992 | # | # | |a 33000 |
| 994 | # | # | |a DLU |
| 900 | # | # | |a True |
| 911 | # | # | |a Đào Thị Thu Huyền |
| 925 | # | # | |a G |
| 926 | # | # | |a A |
| 927 | # | # | |a SH |
| 980 | # | # | |a Thư viện Trường Đại học Đà Lạt |